000 00351 a2200145 4500
001 177702
020 _a
040 _cMagnum
100 _aSposito, Eliseo Saverio
240 1 0 _aRepensando a geografia: a vida nas cidades
_lpor
245 1 0 _aRepensando a geografia: a vida nas cidades
362 0 _a1899
697 _aMAGNITO: GERAL
942 _cBK
999 _c177702
_d177702